000 00653nam a2200193Ia 4500
005 20250507130255.0
008 008 250505s9999 xx 000 0 eng d
037 _aSeries Article
040 _aEASL
_beng
_cEASL
041 _aeng
_2eng
084 _qEASL
100 _aZaitchik Alexander
_9670535
245 0 _aIllusions of grandeur : A West papuan independence activist and a retired American gunrunner believe they can win the south pacific's next great freedom struggle.
260 _aUSA
_bWashington Carnegie Endowment
_c2015
300 _a64-73 Pp.
650 _aForeign Policy
942 _cSRA
999 _c1318704
_d1318704